[Event "GRE-chT 50th"]
[Site "Nikaia"]
[Date "2023.08.27"]
[Round "4.7"]
[White "Kalliora, Despoina"]
[Black "Theodoridou, Maria"]
[Result "1-0"]
[WhiteElo "1501"]
[BlackElo "1279"]
[PlyCount "79"]
[EventDate "2023.08.25"]
[EventType "team"]
[EventRounds "9"]
[EventCountry "GRE"]
[SourceTitle "EXT 2024"]
[Source "ChessBase"]
[SourceDate "2023.10.10"]
[SourceVersion "1"]
[SourceVersionDate "2023.10.10"]
[SourceQuality "1"]
[WhiteTeam "Irakleiou Attikis"]
[BlackTeam "Pneemathlon"]
[WhiteTeamCountry "GRE"]
[BlackTeamCountry "GRE"]

1. d4 Nf6 2. Nc3 e6 3. Bg5 h6 4. Bh4 d5 5. Nf3 c5 6. Bxf6 Qxf6 7. e4 cxd4 8. Qxd4 Qxd4 9. Nxd4 dxe4 10. Ndb5 Na6 11. Nxe4 Be7 12. 0-0-0 0-0 13. Be2 Nc5 14. Bf3 a6 15. Nbd6 Nxe4 16. Bxe4 Rb8 17. Nxc8 Rfxc8 18. Rd7 Bg5+ 19. Kb1 Rc5 20. Rxb7 Rxb7 21. Bxb7 a5 22. Rd1 Rb5 23. Ba6 Rb6 24. Bc4 a4 25. c3 a3 26. b3 Rc6 27. Kc2 Rc5 28. Rd7 Ra5 29. Bd3 Kf8 30. b4 Ra8 31. Be2 Ke8 32. Rd1 Ke7 33. Kb3 f5 34. Bb5 Kf6 35. c4 Ke5 36. c5 Bd8 37. Bc6 Rc8 38. Bb7 Rb8 39. c6 Kf6 40. Rxd8 1-0

[Event "GRE-ch U16 Girls"]
[Site "Peristeri"]
[Date "2023.07.07"]
[Round "7"]
[White "Miliou, Pinelopi"]
[Black "Kalliora, Despoina"]
[Result "0-1"]
[WhiteElo "1484"]
[BlackElo "1540"]
[PlyCount "142"]
[EventDate "2023.07.03"]
[EventType "swiss"]
[EventRounds "9"]
[EventCountry "GRE"]
[SourceTitle "EXT 2024"]
[Source "ChessBase"]
[SourceDate "2023.10.10"]
[SourceVersion "1"]
[SourceVersionDate "2023.10.10"]
[SourceQuality "1"]

1. c4 e5 2. Nc3 Nf6 3. g3 Nc6 4. Bg2 g6 5. e4 Bg7 6. Nge2 0-0 7. 0-0 d6 8. d3 Be6 9. h3 Qc8 10. Kh2 Nd7 11. Be3 Kh8 12. f4 f5 13. exf5 Bxf5 14. g4 Be6 15. Qd2 Nf6 16. Ne4 Nxe4 17. Bxe4 Ne7 18. fxe5 Bxe5+ 19. Bf4 Rxf4 20. Nxf4 g5 21. Kg2 Bxf4 22. Qc3+ Kg8 23. Qf6 Qd7 24. h4 Bxg4 25. hxg5 Bh3+ 26. Kf2 Be5 27. Qh6 Bf5 28. Ke3 Bxe4 29. dxe4 Ng6 30. Rf3 Bg7 31. Qh1 Qe7 32. Raf1 Qxg5+ 33. Ke2 Qe5 34. Rb3 Nf4+ 35. Ke3 Rf8 36. Rd1 Ng6 37. Qg2 Qf4+ 38. Kd3 Ne5+ 39. Kc2 Nxc4 40. Rg1 Rf7 41. Qe2 Qf2 42. Qxf2 Rxf2+ 43. Kc1 Kf8 44. Rxb7 Bxb2+ 45. Kd1 Rd2+ 46. Ke1 Bc3 47. Rg3 Rd3+ 48. Kf2 Be1+ 49. Kxe1 Rxg3 50. Rxc7 Re3+ 51. Kf2 Rxe4 52. Rxh7 a5 53. Rh5 Re5 54. Rh4 d5 55. Rh6 a4 56. Ra6 a3 57. Ra7 Re7 58. Ra8+ Kf7 59. Rd8 Ke6 60. Ke2 Rd7 61. Re8+ Kd6 62. Kd3 Re7 63. Rd8+ Kc6 64. Kd4 Re4+ 65. Kd3 Nb2+ 66. Kc2 Re2+ 67. Kb3 Nc4 68. Rc8+ Kd7 69. Rc5 Kd6 70. Rc8 Rb2+ 71. Kc3 Rxa2 0-1

[Event "GRE-ch U16 Girls"]
[Site "Peristeri"]
[Date "2023.07.06"]
[Round "6"]
[White "Kalliora, Despoina"]
[Black "Christodoulou, Georgia"]
[Result "1-0"]
[WhiteElo "1540"]
[BlackElo "1569"]
[PlyCount "95"]
[EventDate "2023.07.03"]
[EventType "swiss"]
[EventRounds "9"]
[EventCountry "GRE"]
[SourceTitle "EXT 2024"]
[Source "ChessBase"]
[SourceDate "2023.10.10"]
[SourceVersion "1"]
[SourceVersionDate "2023.10.10"]
[SourceQuality "1"]

1. d4 Nf6 2. Nc3 d5 3. Bg5 Nbd7 4. Qd3 e6 5. e4 dxe4 6. Nxe4 Be7 7. Nxf6+ Nxf6 8. Nf3 0-0 9. Bxf6 Bxf6 10. 0-0-0 b6 11. c3 Bb7 12. Qc2 Qe7 13. Bd3 g6 14. Be4 Bxe4 15. Qxe4 c5 16. d5 exd5 17. Qxe7 Bxe7 18. Rxd5 Rad8 19. Rhd1 Rxd5 20. Rxd5 Rd8 21. Rxd8+ Bxd8 22. Kd2 Kf8 23. Kd3 b5 24. Ke4 b4 25. c4 Bf6 26. b3 g5 27. Kd5 g4 28. Ne5 Ke7 29. Nc6+ Kd7 30. Kxc5 Bc3 31. Kd5 f6 32. Nxa7 Be1 33. f3 f5 34. Ke5 gxf3 35. gxf3 Bf2 36. Nb5 Bg1 37. h3 Bh2+ 38. Kxf5 Ke7 39. Ke4 Ke6 40. f4 Kf6 41. c5 Ke6 42. c6 Bg1 43. c7 Kd7 44. f5 Bc5 45. f6 Bf8 46. Kd5 h6 47. Ke5 Bc5 48. Kf5 1-0

[Event "GRE-ch U18 Girls"]
[Site "Larisa"]
[Date "2023.01.08"]
[Round "9"]
[White "Angelakopoulou, Ioanna"]
[Black "Kalliora, Despoina"]
[Result "0-1"]
[WhiteElo "1221"]
[BlackElo "1494"]
[PlyCount "80"]
[EventDate "2023.01.02"]
[EventType "swiss"]
[EventRounds "9"]
[EventCountry "GRE"]
[SourceTitle "CBM 212 Extra"]
[Source "ChessBase"]
[SourceDate "2023.03.31"]
[SourceVersion "1"]
[SourceVersionDate "2023.03.31"]
[SourceQuality "1"]

1. d4 Nf6 2. c4 g6 3. Nc3 d5 4. Nf3 Bg7 5. e3 0-0 6. cxd5 Nxd5 7. Bd3 Nxc3 8. bxc3 c5 9. Bb2 Qa5 10. Qd2 Nc6 11. h3 Rd8 12. Be4 Ne5 13. Nxe5 Bxe5 14. Ke2 Rb8 15. Rhd1 b5 16. Qc2 Bg7 17. Qb3 Ba6 18. Rab1 Rbc8 19. Kf1 cxd4 20. cxd4 b4+ 21. Bd3 Bxd3+ 22. Rxd3 Qf5 23. Rbd1 a5 24. R3d2 Rc7 25. Qd3 Qd5 26. Qb3 Qc4+ 27. Ke1 Rdc8 28. Qxc4 Rxc4 29. Rd3 a4 30. Ke2 Kf8 31. Rb1 Ke8 32. Rd2 Kd7 33. Ba1 Kc7 34. Kd3 Kb6 35. Rdb2 Kb5 36. Rd2 Ka5 37. Ke2 e6 38. Kd3 Bf8 39. Ke2 Rc1 40. Rdb2 a3 0-1

[Event "GRE-ch U18 Girls"]
[Site "Larisa"]
[Date "2023.01.07"]
[Round "8"]
[White "Kalliora, Despoina"]
[Black "Athanasiou, Soumela"]
[Result "0-1"]
[WhiteElo "1494"]
[BlackElo "1527"]
[PlyCount "44"]
[EventDate "2023.01.02"]
[EventType "swiss"]
[EventRounds "9"]
[EventCountry "GRE"]
[SourceTitle "CBM 212 Extra"]
[Source "ChessBase"]
[SourceDate "2023.03.31"]
[SourceVersion "1"]
[SourceVersionDate "2023.03.31"]
[SourceQuality "1"]

1. Nf3 d5 2. d4 Nf6 3. e3 e6 4. Be2 b6 5. 0-0 Bd6 6. b3 0-0 7. Bb2 Bb7 8. Nbd2 Nbd7 9. c4 Ne4 10. Rc1 f5 11. Ne5 Nxe5 12. dxe5 Bc5 13. Nf3 Qe7 14. Qc2 g5 15. Nd4 g4 16. Rfd1 a5 17. cxd5 Bxd5 18. Bc4 Rad8 19. Ne2 Nxf2 20. Kxf2 Qh4+ 21. Kg1 Bxe3+ 22. Kh1 Bxg2+ 0-1

[Event "GRE-ch U18 Girls"]
[Site "Larisa"]
[Date "2023.01.03"]
[Round "3"]
[White "Kalliora, Despoina"]
[Black "Alexandri, Dimitra"]
[Result "1/2-1/2"]
[WhiteElo "1494"]
[BlackElo "1607"]
[PlyCount "62"]
[EventDate "2023.01.02"]
[EventType "swiss"]
[EventRounds "9"]
[EventCountry "GRE"]
[SourceTitle "CBM 212 Extra"]
[Source "ChessBase"]
[SourceDate "2023.03.31"]
[SourceVersion "1"]
[SourceVersionDate "2023.03.31"]
[SourceQuality "1"]

1. Nf3 Nf6 2. d4 g6 3. b3 Bg7 4. Bb2 0-0 5. e3 d6 6. Be2 Nbd7 7. 0-0 Re8 8. c4 c6 9. Nc3 e5 10. Re1 e4 11. Nd2 Nf8 12. Qc2 Qe7 13. Rac1 h5 14. b4 N8h7 15. d5 h4 16. Kh1 h3 17. Rg1 hxg2+ 18. Rxg2 Bf5 19. Rcg1 Rac8 20. Qb3 Nf8 21. a4 N8d7 22. Qa2 a6 23. Qa1 Qf8 24. Nb3 Ne5 25. Nd4 Bd7 26. dxc6 bxc6 27. b5 c5 28. Nb3 Rb8 29. Nd2 Bf5 30. Rd1 Qe7 31. a5 Ra8 1/2-1/2

[Event "GRE-ch South U14 Girls"]
[Site "Athens"]
[Date "2020.09.03"]
[Round "7"]
[White "Tzavara, Eleni"]
[Black "Kalliora, Despoina"]
[Result "1/2-1/2"]
[WhiteElo "1268"]
[BlackElo "1112"]
[PlyCount "70"]
[EventDate "2020.08.28"]
[EventType "swiss"]
[EventRounds "7"]
[EventCountry "GRE"]
[SourceTitle "EXT 2023"]
[Source "ChessBase"]
[SourceDate "2022.10.05"]
[SourceVersion "1"]
[SourceVersionDate "2022.10.05"]
[SourceQuality "1"]

1. e4 c6 2. c4 d5 3. cxd5 cxd5 4. exd5 Nf6 5. Bb5+ Bd7 6. Be2 Nxd5 7. Nc3 Nxc3 8. dxc3 Bc6 9. Qxd8+ Kxd8 10. Nf3 e6 11. Bf4 Nd7 12. 0-0 f6 13. Rad1 e5 14. Be3 Kc7 15. b3 Bc5 16. Rxd7+ Kxd7 17. Bxc5 Rhd8 18. Nh4 g6 19. Bf3 Bxf3 20. Nxf3 b6 21. Be3 Ke6 22. c4 Rac8 23. Nd2 Rd3 24. h3 Rcd8 25. Re1 Rxd2 26. Bxd2 Rxd2 27. Ra1 Rb2 28. g3 a5 29. Kg2 e4 30. Re1 f5 31. Ra1 g5 32. Kf1 Ke5 33. Rd1 Rxa2 34. Rd5+ Ke6 35. Rb5 a4 1/2-1/2

[Event "GRE-ch South U14 Girls"]
[Site "Athens"]
[Date "2020.09.02"]
[Round "6"]
[White "Kalliora, Despoina"]
[Black "Kratimenou, Georgia"]
[Result "1/2-1/2"]
[WhiteElo "1112"]
[BlackElo "1465"]
[PlyCount "91"]
[EventDate "2020.08.28"]
[EventType "swiss"]
[EventRounds "7"]
[EventCountry "GRE"]
[SourceTitle "EXT 2023"]
[Source "ChessBase"]
[SourceDate "2022.10.05"]
[SourceVersion "1"]
[SourceVersionDate "2022.10.05"]
[SourceQuality "1"]

1. Nf3 Nf6 2. d4 e6 3. e3 b6 4. Be2 Bb7 5. 0-0 Be7 6. b3 0-0 7. Bb2 d6 8. Nbd2 Nbd7 9. c4 c5 10. Rc1 Rc8 11. Qc2 Qc7 12. Qb1 Qb8 13. Rfd1 Qa8 14. Bd3 h6 15. h3 Rfe8 16. a3 a6 17. Re1 cxd4 18. exd4 d5 19. Bf1 Ne4 20. Nxe4 dxe4 21. Ne5 Nf8 22. b4 f6 23. Ng4 f5 24. Ne5 Bf6 25. Rcd1 Red8 26. c5 Bxe5 27. dxe5 Rxd1 28. Rxd1 bxc5 29. bxc5 Rxc5 30. Rc1 Rxc1 31. Qxc1 Qc8 32. Qc4 Qxc4 33. Bxc4 Bc8 34. Bf1 Kf7 35. g3 Ke7 36. Bc4 Kd7 37. Kf1 Bb7 38. Bb3 Bd5 39. Ke2 Bc6 40. Ke3 Bb5 41. h4 g5 42. hxg5 hxg5 43. Kd4 Ng6 44. Kc5 Ne7 45. a4 Nc6 46. Bxe6+ 1/2-1/2

[Event "GRE-ch South U14 Girls"]
[Site "Athens"]
[Date "2020.08.30"]
[Round "3"]
[White "Paroglou, Marianna"]
[Black "Kalliora, Despoina"]
[Result "1-0"]
[WhiteElo "1411"]
[BlackElo "1112"]
[PlyCount "47"]
[EventDate "2020.08.28"]
[EventType "swiss"]
[EventRounds "7"]
[EventCountry "GRE"]
[SourceTitle "EXT 2023"]
[Source "ChessBase"]
[SourceDate "2022.10.05"]
[SourceVersion "1"]
[SourceVersionDate "2022.10.05"]
[SourceQuality "1"]

1. e4 c6 2. d4 d5 3. exd5 cxd5 4. Bd3 Nf6 5. c3 Qc7 6. g3 e6 7. Bf4 Bd6 8. Bxd6 Qxd6 9. Nf3 0-0 10. 0-0 Nc6 11. Qe2 Re8 12. Ne5 a6 13. Nd2 h6 14. f4 Qc7 15. g4 Qe7 16. g5 hxg5 17. fxg5 Ne4 18. Nxf7 Nd8 19. g6 Nf6 20. Ne5 Nc6 21. Rf4 Nxe5 22. dxe5 Ne4 23. Nxe4 dxe4 24. Qh5 1-0

[Event "GRE-ch South U14 Girls"]
[Site "Athens"]
[Date "2020.08.28"]
[Round "1"]
[White "Kaliontzaki, Argyro Evanthia"]
[Black "Kalliora, Despoina"]
[Result "1/2-1/2"]
[WhiteElo "1303"]
[BlackElo "1112"]
[PlyCount "81"]
[EventDate "2020.08.28"]
[EventType "swiss"]
[EventRounds "7"]
[EventCountry "GRE"]
[SourceTitle "EXT 2023"]
[Source "ChessBase"]
[SourceDate "2022.10.05"]
[SourceVersion "1"]
[SourceVersionDate "2022.10.05"]
[SourceQuality "1"]

1. c4 e5 2. g3 f5 3. Bg2 Nf6 4. Nc3 g6 5. e3 Bg7 6. Nge2 0-0 7. 0-0 d6 8. d4 e4 9. f3 exf3 10. Bxf3 Re8 11. Qb3 Nc6 12. Nf4 Ne7 13. d5 Rb8 14. Qc2 Bd7 15. Rd1 Nc8 16. Nce2 c5 17. dxc6 Bxc6 18. Nd5 Bxd5 19. Bxd5+ Nxd5 20. cxd5 Nb6 21. Nf4 Rc8 22. Qb3 Be5 23. Ne6 Qf6 24. Rb1 Rc4 25. Bd2 Qe7 26. Ba5 Rec8 27. Bxb6 axb6 28. Qxb6 Rc2 29. Qb4 Re2 30. Re1 Rcc2 31. Rxe2 Rxe2 32. Qb6 Rc2 33. Qb3 Rc8 34. a4 Qd7 35. a5 Ra8 36. Ra1 Qc8 37. Kf2 Ra6 38. Ra3 Ra7 39. Ra1 Ra6 40. Ra3 Ra7 41. Ra1 1/2-1/2